000 00563cam a2200205 4500500
005 20260329003905.0
041 _afre
042 _adc
245 0 0 _aLa nuit sera belle
260 _c2017.
500 _a1
690 _aAction
690 _aAttente
690 _aLucie Desaubliaux
690 _anuit
690 _aPhilippe Garnier
690 _aRĂªve
786 0 _nPhilosophie magazine | 110 | 6 | 2017-06-01 | p. 42-43 | 1951-1787
856 4 1 _uhttps://shs.cairn.info/magazine-philosophie-magazine-2017-6-page-42?lang=fr&redirect-ssocas=7080
999 _c1828738
_d1828738